000
00277nam a22001337a 4500
003
SGT
082
_a
370
_b
C16S
100
_a
SEN, AMRIT
245
_a
CONCEPT OF TEACHING
260
_a
NEW DELHI
_b
SUDERSHAN PUB
_c
2016
300
_a
195
650
_a
EDUCATION
942
_2
ddc
_c
BK
999
_c
12128
_d
12128